Official Account of the Abor Expedition (Record no. 187367)

000 -LEADER
fixed length control field 00911 a2200157 4500
003 - CONTROL NUMBER IDENTIFIER
control field Nust
005 - DATE AND TIME OF LATEST TRANSACTION
control field 20170207153502.0
040 ## - CATALOGING SOURCE
Transcribing agency Nust
082 ## - DEWEY DECIMAL CLASSIFICATION NUMBER
Classification number 954
245 ## - TITLE STATEMENT
Title Official Account of the Abor Expedition
Remainder of title Frontier and Over seas Expeditions from India
Statement of responsibility, etc. General Staff
260 ## - PUBLICATION, DISTRIBUTION, ETC.
Place of publication, distribution, etc. India
Name of publisher, distributor, etc. Simla
Date of publication, distribution, etc. 1913
300 ## - PHYSICAL DESCRIPTION
Extent 240:p
505 ## - FORMATTED CONTENTS NOTE
Formatted contents note Political Events Leading Up to the Expedition (Page 1-4) Geography Tribes Climate and Season for Operations (Page 5-11) Narrative of the Murder of Mr Williamson and Dr Gregorson and Events Previous to The Expeditions (Page 13-16) Objects of the Expedition and Plan of Campaign (Page 17-21) Choice of Base and Preparations (Page 23-27) First Phase of the Operations (Page 29-47) Preview of Military Operations (Page 49-52) Second Phase of the Operations (Page 53-67) Results of the Expeditions (Page 69-71)
538 ## - SYSTEM DETAILS NOTE
System details note Almirah No.62 Shelf No.3
650 ## - SUBJECT ADDED ENTRY--TOPICAL TERM
Topical term or geographic name entry element Expedition India
942 ## - ADDED ENTRY ELEMENTS (KOHA)
Source of classification or shelving scheme
Koha item type Book
Holdings
Withdrawn status Lost status Source of classification or shelving scheme Damaged status Not for loan Collection code Permanent Location Current Location Date acquired Total Checkouts Full call number Barcode Date last seen Price effective from Koha item type
            Military College of Signals (MCS) Military College of Signals (MCS) 12/12/2016   954 FRO MCS30235 12/08/2016 12/12/2016 Book
            Military College of Signals (MCS) Military College of Signals (MCS) 12/12/2016   954 FRO MCS30236 12/08/2016 12/12/2016 Book
© 2023 Central Library, National University of Sciences and Technology. All Rights Reserved.